000 00972nas a2200313 4500
001 BR2011007340
003 BR-BrBNA
005 20231205115749.0
007 ta
008 230509b bl.|||p| |||| 00| 00por d
040 _aBR-BrBNA
_bpor
_cBiblioteca Nacional de Agricultura
041 _a(En)
072 _aH01; H10
100 1 _aBaptisa, G.C. de
100 1 _aTrevizan, L.R.P.
100 1 _aFranco, A.A.
100 1 _aSilva, R.A. da
245 1 _aDeltamethrin residues applied in different formulations in staked cucumber and the action of insecticides on the pickleworm control
650 _aAGROTÓXICO
650 _aRESÍDUO
650 _aPRAGA DE PLANTA
650 _aBROCA
650 _aPEPINO
650 _aCONTROLE INTEGRADO
650 _aDEFESA VEGETAL
773 0 _tHorticultura Brasileira (Brazil)
_xISSN 0102-0536
_g(Jul-Sep 2008), v. 26(3) p. 321-324
_wBR2011007340
909 _a202311
_bLúcia
_c55
_dLúcia Elande
942 _2AGRIS
_n0
_cANA
999 _c215583
_d215583